Pokémon in Movie Titles - Statistics

General Stats
  • This quiz has been taken 95 times
  • The average score is 17 of 23
Answer Stats
# Movie Title % Correct
8 ______ and the Mystery of {Mew}
99%
22 {Mewtwo} Strikes Back: Evolution
99%
1 Pokémon: The First Movie - {Mewtwo} Strikes Back
99%
- Detective {Pikachu}
91%
6 {Jirachi}, Wish Maker
88%
4 Pokémon 4Ever: {Celebi} - Voice of the Forest
88%
14 Black — _____ and {Reshiram}
79%
14 Black — _____ and {Zekrom}
78%
7 Destiny {Deoxys}
71%
8 {Lucario} and the Mystery of ____
71%
12 {Arceus} and the Jewel of Life
70%
15 {Kyurem} vs. the Sword of Justice
70%
5 Pokémon Heroes: _____ and {Latias}
70%
5 Pokémon Heroes: {Latios} and _____
70%
11 {Giratina} & the Sky Warrior
67%
13 {Zoroark}—Master of Illusions
66%
16 {Genesect} and the Legend Awakened
63%
18 {Hoopa} and the Clash of Ages
63%
10 The Rise of {Darkrai}
63%
17 {Diancie} and the Cocoon of Destruction
62%
14 Black — {Victini} and ________
61%
19 {Volcanion} and the Mechanical Marvel
58%
3 Pokémon 3: The Movie - Spell of the {Unown}
57%
No matching quizzes found
Score Distribution
Percent of People with Each Score
Percentile by Number Answered
Your Score History
You have not taken this quiz